Бухгалтерский учет в афоризмах

التفاصيل البيبلوغرافية
مؤلفون آخرون: Медведев М. Ю. Михаил Юрьевич (составитель)
اللغة:الروسية
منشور في: Москва, Современная экономика и право, 2000
الموضوعات:
التنسيق: كتاب
KOHA link:https://koha.lib.tpu.ru/cgi-bin/koha/opac-detail.pl?biblionumber=26309

MARC

LEADER 00000nam0a2200000 4500
001 26309
005 20231030201547.0
010 |a 5841100432 
035 |a (RuTPU)RU\TPU\book\26551 
035 |a BOOK00026626 
090 |a 26309 
100 |a 20011209d2000 k y0rusy50 ca 
101 0 |a rus 
102 |a RU 
105 |a y z 000zy 
200 1 |a Бухгалтерский учет в афоризмах  |f сост. М. Ю. Медведев 
210 |a Москва  |c Современная экономика и право  |d 2000 
215 |a 72 с. 
320 |a Библиогр.: с. 61-70. 
610 1 |a экономика 
610 1 |a бухгалтерский учет 
610 1 |a афоризмы 
610 1 |a цитаты 
610 1 |a мудрые мысли 
675 |a 657.22  |v 3 
702 1 |a Медведев  |b М. Ю.  |g Михаил Юрьевич  |4 220 
801 0 |a RU  |b 63413507  |c 20011209  |g PSBO 
801 2 |a RU  |b 63413507  |c 20100120  |g RCR 
942 |c BK